Kvalita, cena a koordinácia ako hlavné problémy liberalizácie trhov podzemnej obsuhy na letiskách v EÚ

Špecifiká odvetvia leteckej dopravy. Nová politika Európskej únie v prístupe na trhy pozemnej obsuhy a reakcie záujmových subjektov.

Gespeichert in:
Bibliographische Detailangaben
1. Verfasser: Tomová, Anna
Format: Buchkapitel
Sprache:Slowakisch
Schlagworte:
Tags: Tag hinzufügen
Keine Tags, Fügen Sie das erste Tag hinzu!

MARC

LEADER 00000naa a2200000 4500
001 0189051
005 20231207075324.4
041 0 |a slo 
044 |a SK 
245 1 0 |a Kvalita, cena a koordinácia ako hlavné problémy liberalizácie trhov podzemnej obsuhy na letiskách v EÚ  |c Anna Tomová 
520 |a Špecifiká odvetvia leteckej dopravy. Nová politika Európskej únie v prístupe na trhy pozemnej obsuhy a reakcie záujmových subjektov. 
610 2 0 |a doprava letecká 
610 2 0 |a doprava letecká medzinárodná 
610 2 0 |a liberalizácia 
610 2 0 |a ceny 
610 2 0 |a Európska únia 
610 2 0 |a efektívnosť ekonomická 
100 1 |a Tomová, Anna